| 000 | 00593nam a22001937a 4500 | ||
|---|---|---|---|
| 999 |
_c171267 _d171267 |
||
| 005 | 20200109151015.0 | ||
| 010 | _aENG-127337 | ||
| 020 |
_a9788193354216 _c880.00 |
||
| 035 | _aEN-110869 | ||
| 037 | _bDBAD/PUB | ||
| 082 | _a333.79 | ||
| 100 | _aAhluwalia,V.K | ||
| 245 |
_aRenewable energy in India: _cVivek Rana _bimpacts and responces for the built environment/ |
||
| 260 |
_aDelhi _bBook Shores _c2016 |
||
| 270 |
_aB-16,Subhavana Niketan,Pitam Pura _bDelhi _e110034 |
||
| 300 |
_a232p _c22cm(hb) |
||
| 500 | _aincludes bibliography | ||
| 942 |
_2ddc _cEN _h333.79 _mAHL |
||